[Event "April 9 Early 2024"]
[Site "Chess.com"]
[Date "2024.04.09"]
[Round "3"]
[White "Galchenko, Matvey"]
[Black "Timerkhanov, Alexander"]
[Result "1-0"]
[Board "50"]
[WhiteFideId "24175480"]
[BlackFideId "24177938"]
[WhiteTitle "IM"]
[BlackTitle "FM"]
[WhiteElo "2843"]
[BlackElo "2623"]
[WhiteTeam "FID"]
[BlackTeam "RUS"]
[WhiteClock "0:00:28"]
[BlackClock "0:00:11"]
[Variant "Standard"]

1. e4 {[%clk 0:03:00]}  c5 {[%clk 0:02:58]} 2. c3 {[%clk 0:03:00]}  d5 {[%clk 0:02:55]} 3. exd5 {[%clk 0:02:59]}  Qxd5 {[%clk 0:02:53]} 4. d4 {[%clk 0:02:59]}  Nf6 {[%clk 0:02:53]} 5. Nf3 {[%clk 0:02:58]}  e6 {[%clk 0:02:51]} 6. Na3 {[%clk 0:02:55]}  a6 {[%clk 0:02:35]} 7. Nc4 {[%clk 0:02:54]}  Qd8 {[%clk 0:02:32]} 8. a4 {[%clk 0:02:44]}  cxd4 {[%clk 0:02:20]} 9. Qxd4 {[%clk 0:02:42]}  Qxd4 {[%clk 0:02:13]} 10. Nxd4 {[%clk 0:02:41]}  Nd5 {[%clk 0:01:48]} 11. Be2 {[%clk 0:02:38]}  Nc6 {[%clk 0:01:44]} 12. Nxc6 {[%clk 0:02:34]}  bxc6 {[%clk 0:01:45]} 13. Ne5 {[%clk 0:02:33]}  Bb7 {[%clk 0:01:42]} 14. a5 {[%clk 0:02:28]}  Bd6 {[%clk 0:01:40]} 15. Nc4 {[%clk 0:02:28]}  Bc7 {[%clk 0:01:41]} 16. Bf3 {[%clk 0:02:27]}  Ke7 {[%clk 0:01:35]} 17. O-O {[%clk 0:02:26]}  Rhd8 {[%clk 0:01:34]} 18. Re1 {[%clk 0:02:15]}  Kf8 {[%clk 0:01:31]} 19. g3 {[%clk 0:02:03]}  h6 {[%clk 0:01:26]} 20. Kg2 {[%clk 0:02:03]}  Rab8 {[%clk 0:01:24]} 21. Ne5 {[%clk 0:01:53]}  Ba8 {[%clk 0:01:20]} 22. Re2 {[%clk 0:01:42]}  c5 {[%clk 0:01:19]} 23. Nc4 {[%clk 0:01:35]}  Bc6 {[%clk 0:01:17]} 24. Re1 {[%clk 0:01:32]}  Ba8 {[%clk 0:01:08]} 25. h4 {[%clk 0:01:17]}  Nf6 {[%clk 0:00:38]} 26. Be3 {[%clk 0:01:14]}  Bxf3+ {[%clk 0:00:32]} 27. Kxf3 {[%clk 0:01:15]}  Rb5 {[%clk 0:00:30]} 28. Re2 {[%clk 0:01:09]}  Nd5 {[%clk 0:00:30]} 29. Bd2 {[%clk 0:01:00]}  Rb3 {[%clk 0:00:26]} 30. Kg2 {[%clk 0:00:54]}  Rb5 {[%clk 0:00:26]} 31. Ra2 {[%clk 0:00:46]}  Rb3 {[%clk 0:00:25]} 32. f3 {[%clk 0:00:42]}  Rb5 {[%clk 0:00:25]} 33. Be1 {[%clk 0:00:42]}  Rdb8 {[%clk 0:00:25]} 34. Bf2 {[%clk 0:00:43]}  Kg8 {[%clk 0:00:20]} 35. Rd2 {[%clk 0:00:43]}  Bd8 {[%clk 0:00:18]} 36. h5 {[%clk 0:00:39]}  Bc7 {[%clk 0:00:17]} 37. f4 {[%clk 0:00:38]}  Kf8 {[%clk 0:00:15]} 38. Kf3 {[%clk 0:00:38]}  Ke8 {[%clk 0:00:16]} 39. f5 {[%clk 0:00:37]}  Ne7 {[%clk 0:00:15]} 40. fxe6 {[%clk 0:00:37]}  fxe6 {[%clk 0:00:16]} 41. Re2 {[%clk 0:00:36]}  Kf7 {[%clk 0:00:16]} 42. g4 {[%clk 0:00:31]}  Nc6 {[%clk 0:00:17]} 43. Bg3 {[%clk 0:00:30]}  Bxg3 {[%clk 0:00:16]} 44. Kxg3 {[%clk 0:00:31]}  Rd8 {[%clk 0:00:16]} 45. Ra1 {[%clk 0:00:29]}  Rd3+ {[%clk 0:00:16]} 46. Kh4 {[%clk 0:00:27]}  Ne7 {[%clk 0:00:15]} 47. Ne5+ {[%clk 0:00:27]}  Kf6 {[%clk 0:00:11]} 48. Nxd3 {[%clk 0:00:28]} 1-0

[Event "April 9 Early 2024"]
[Site "Chess.com"]
[Date "2024.04.09"]
[Round "3"]
[White "Camacho Collados, Jose"]
[Black "Bartel, Mateusz"]
[Result "1/2-1/2"]
[Board "51"]
[WhiteFideId "2265427"]
[BlackFideId "1112635"]
[WhiteTitle "IM"]
[BlackTitle "GM"]
[WhiteElo "2613"]
[BlackElo "2842"]
[WhiteTeam "WLS"]
[BlackTeam "POL"]
[WhiteClock "0:00:50"]
[BlackClock "0:00:19"]
[Variant "Standard"]

1. d4 {[%clk 0:03:00]}  Nf6 {[%clk 0:02:41]} 2. Nf3 {[%clk 0:03:00]}  e6 {[%clk 0:02:38]} 3. Bg5 {[%clk 0:03:01]}  d5 {[%clk 0:02:34]} 4. Nbd2 {[%clk 0:03:00]}  Nbd7 {[%clk 0:02:31]} 5. c3 {[%clk 0:03:00]}  h6 {[%clk 0:02:30]} 6. Bh4 {[%clk 0:03:00]}  g5 {[%clk 0:02:24]} 7. Bg3 {[%clk 0:03:00]}  Nh5 {[%clk 0:02:24]} 8. e4 {[%clk 0:03:01]}  dxe4 {[%clk 0:02:23]} 9. Nxe4 {[%clk 0:03:00]}  Nxg3 {[%clk 0:02:18]} 10. hxg3 {[%clk 0:03:00]}  Bg7 {[%clk 0:02:17]} 11. Bc4 {[%clk 0:02:58]}  Nb6 {[%clk 0:01:56]} 12. Bb3 {[%clk 0:02:56]}  Bd7 {[%clk 0:01:56]} 13. Nc5 {[%clk 0:02:48]}  Bc6 {[%clk 0:01:56]} 14. Qe2 {[%clk 0:02:25]}  Qe7 {[%clk 0:01:54]} 15. O-O-O {[%clk 0:02:22]}  O-O-O {[%clk 0:01:54]} 16. Kb1 {[%clk 0:02:21]}  Kb8 {[%clk 0:01:50]} 17. g4 {[%clk 0:02:18]}  Nd5 {[%clk 0:01:38]} 18. g3 {[%clk 0:02:13]}  b6 {[%clk 0:01:37]} 19. Nd3 {[%clk 0:02:11]}  Bb7 {[%clk 0:01:36]} 20. Rhe1 {[%clk 0:02:05]}  Nf6 {[%clk 0:01:17]} 21. Nfe5 {[%clk 0:02:03]}  Nd7 {[%clk 0:01:17]} 22. f4 {[%clk 0:01:54]}  Nxe5 {[%clk 0:01:13]} 23. dxe5 {[%clk 0:01:41]}  gxf4 {[%clk 0:00:41]} 24. gxf4 {[%clk 0:01:41]}  Qh4 {[%clk 0:00:41]} 25. f5 {[%clk 0:01:37]}  h5 {[%clk 0:00:37]} 26. fxe6 {[%clk 0:01:31]}  fxe6 {[%clk 0:00:31]} 27. Bxe6 {[%clk 0:01:30]}  hxg4 {[%clk 0:00:27]} 28. Qxg4 {[%clk 0:01:30]}  Qxg4 {[%clk 0:00:25]} 29. Bxg4 {[%clk 0:01:31]}  Ba6 {[%clk 0:00:26]} 30. Kc2 {[%clk 0:01:27]}  Rh2+ {[%clk 0:00:22]} 31. Re2 {[%clk 0:01:27]}  Rxe2+ {[%clk 0:00:21]} 32. Bxe2 {[%clk 0:01:28]}  Bxd3+ {[%clk 0:00:20]} 33. Bxd3 {[%clk 0:01:00]}  Bxe5 {[%clk 0:00:20]} 34. Re1 {[%clk 0:01:00]}  Bd6 {[%clk 0:00:20]} 35. a4 {[%clk 0:00:57]}  c6 {[%clk 0:00:19]} 36. Rf1 {[%clk 0:00:54]}  Kc7 {[%clk 0:00:20]} 37. Rf7+ {[%clk 0:00:54]}  Rd7 {[%clk 0:00:20]} 38. Rxd7+ {[%clk 0:00:50]}  Kxd7 {[%clk 0:00:19]} 39. Bf5+ {[%clk 0:00:50]} 1/2-1/2

[Event "April 9 Early 2024"]
[Site "Chess.com"]
[Date "2024.04.09"]
[Round "3"]
[White "Fromm, Marius"]
[Black "Rustamov, Rustam"]
[Result "1-0"]
[Board "52"]
[WhiteFideId "12993190"]
[BlackFideId "13440110"]
[WhiteTitle "IM"]
[BlackTitle "FM"]
[WhiteElo "2613"]
[BlackElo "2840"]
[WhiteTeam "GER"]
[BlackTeam "AZE"]
[WhiteClock "0:00:08"]
[BlackClock "0:00:02"]
[Variant "Standard"]

1. e4 {[%clk 0:03:00]}  c5 {[%clk 0:02:58]} 2. Nf3 {[%clk 0:03:00]}  d6 {[%clk 0:02:58]} 3. d4 {[%clk 0:03:01]}  cxd4 {[%clk 0:02:58]} 4. Nxd4 {[%clk 0:03:01]}  Nf6 {[%clk 0:02:59]} 5. Nc3 {[%clk 0:03:02]}  e5 {[%clk 0:02:59]} 6. Bb5+ {[%clk 0:03:01]}  Bd7 {[%clk 0:03:00]} 7. Bxd7+ {[%clk 0:03:00]}  Qxd7 {[%clk 0:03:00]} 8. Nf5 {[%clk 0:03:00]}  Nxe4 {[%clk 0:03:01]} 9. Nxg7+ {[%clk 0:02:46]}  Bxg7 {[%clk 0:03:02]} 10. Nxe4 {[%clk 0:02:46]}  d5 {[%clk 0:03:02]} 11. Ng3 {[%clk 0:02:46]}  O-O {[%clk 0:03:02]} 12. O-O {[%clk 0:02:47]}  f5 {[%clk 0:03:01]} 13. Nh5 {[%clk 0:02:37]}  Bh8 {[%clk 0:03:01]} 14. Bh6 {[%clk 0:02:30]}  Re8 {[%clk 0:02:57]} 15. Qf3 {[%clk 0:02:30]}  Qe6 {[%clk 0:02:57]} 16. Bg5 {[%clk 0:02:19]}  Nc6 {[%clk 0:02:56]} 17. c3 {[%clk 0:02:12]}  Rac8 {[%clk 0:02:16]} 18. Rad1 {[%clk 0:02:11]}  d4 {[%clk 0:01:48]} 19. Rfe1 {[%clk 0:02:10]}  e4 {[%clk 0:01:19]} 20. Qg3 {[%clk 0:02:04]}  Be5 {[%clk 0:01:08]} 21. Nf4 {[%clk 0:01:58]}  Bxf4 {[%clk 0:01:07]} 22. Bxf4+ {[%clk 0:01:58]}  Qg6 {[%clk 0:01:07]} 23. cxd4 {[%clk 0:01:56]}  Qxg3 {[%clk 0:01:07]} 24. hxg3 {[%clk 0:01:57]}  Nb4 {[%clk 0:01:07]} 25. d5 {[%clk 0:01:49]}  Nd3 {[%clk 0:01:04]} 26. Re2 {[%clk 0:01:48]}  Rcd8 {[%clk 0:01:02]} 27. d6 {[%clk 0:01:48]}  Re6 {[%clk 0:01:00]} 28. Red2 {[%clk 0:01:45]}  Kf7 {[%clk 0:00:53]} 29. Kf1 {[%clk 0:01:41]}  Rd7 {[%clk 0:00:46]} 30. a3 {[%clk 0:01:40]}  h5 {[%clk 0:00:45]} 31. Rxd3 {[%clk 0:01:36]}  exd3 {[%clk 0:00:45]} 32. Rxd3 {[%clk 0:01:37]}  Re4 {[%clk 0:00:44]} 33. f3 {[%clk 0:01:36]}  Rc4 {[%clk 0:00:44]} 34. Rd5 {[%clk 0:01:27]}  Kf6 {[%clk 0:00:40]} 35. Ra5 {[%clk 0:01:20]}  b6 {[%clk 0:00:39]} 36. Rd5 {[%clk 0:01:16]}  Rc2 {[%clk 0:00:37]} 37. b3 {[%clk 0:01:04]}  Ra2 {[%clk 0:00:34]} 38. a4 {[%clk 0:01:02]}  Ke6 {[%clk 0:00:29]} 39. Re5+ {[%clk 0:01:00]}  Kf6 {[%clk 0:00:29]} 40. Rd5 {[%clk 0:01:00]}  Rc2 {[%clk 0:00:23]} 41. Rd3 {[%clk 0:00:56]}  Rc6 {[%clk 0:00:18]} 42. Kg1 {[%clk 0:00:56]}  a6 {[%clk 0:00:16]} 43. Kh2 {[%clk 0:00:56]}  Rc2 {[%clk 0:00:17]} 44. Kh3 {[%clk 0:00:55]}  Re2 {[%clk 0:00:17]} 45. Rc3 {[%clk 0:00:46]}  Re1 {[%clk 0:00:18]} 46. Kh2 {[%clk 0:00:46]}  Re8 {[%clk 0:00:18]} 47. Rc6 {[%clk 0:00:45]}  Rb8 {[%clk 0:00:18]} 48. b4 {[%clk 0:00:44]}  Ke6 {[%clk 0:00:18]} 49. b5 {[%clk 0:00:43]}  axb5 {[%clk 0:00:19]} 50. axb5 {[%clk 0:00:43]}  Kd5 {[%clk 0:00:19]} 51. Kh3 {[%clk 0:00:41]}  Rdb7 {[%clk 0:00:12]} 52. Kh4 {[%clk 0:00:36]}  Rh8 {[%clk 0:00:11]} 53. Kg5 {[%clk 0:00:33]}  Rf8 {[%clk 0:00:10]} 54. d7 {[%clk 0:00:17]}  Rxd7 {[%clk 0:00:09]} 55. Rxb6 {[%clk 0:00:17]}  Rg7+ {[%clk 0:00:08]} 56. Rg6 {[%clk 0:00:15]}  Rgf7 {[%clk 0:00:04]} 57. b6 {[%clk 0:00:12]}  Rh8 {[%clk 0:00:04]} 58. Rf6 {[%clk 0:00:07]}  Rg8+ {[%clk 0:00:04]} 59. Rg6 {[%clk 0:00:07]}  Rh8 {[%clk 0:00:04]} 60. Rh6 {[%clk 0:00:06]}  Rg8+ {[%clk 0:00:05]} 61. Kxh5 {[%clk 0:00:05]}  Kc5 {[%clk 0:00:05]} 62. Kh4 {[%clk 0:00:05]}  Kb5 {[%clk 0:00:05]} 63. Kh3 {[%clk 0:00:04]}  Rfg7 {[%clk 0:00:05]} 64. Kh2 {[%clk 0:00:05]}  Ka6 {[%clk 0:00:05]} 65. Rh5 {[%clk 0:00:05]}  Rf7 {[%clk 0:00:05]} 66. Bc7 {[%clk 0:00:02]}  Rgg7 {[%clk 0:00:05]} 67. Kh3 {[%clk 0:00:03]}  Kb7 {[%clk 0:00:04]} 68. Rh4 {[%clk 0:00:03]}  Rg6 {[%clk 0:00:04]} 69. g4 {[%clk 0:00:03]}  fxg4+ {[%clk 0:00:05]} 70. Rxg4 {[%clk 0:00:04]}  Rh7+ {[%clk 0:00:05]} 71. Kg3 {[%clk 0:00:04]}  Rc6 {[%clk 0:00:06]} 72. Rg5 {[%clk 0:00:04]}  Rd7 {[%clk 0:00:06]} 73. Kg4 {[%clk 0:00:04]}  Rc2 {[%clk 0:00:06]} 74. g3 {[%clk 0:00:04]}  Rc3 {[%clk 0:00:06]} 75. f4 {[%clk 0:00:05]}  Rdd3 {[%clk 0:00:07]} 76. Kh4 {[%clk 0:00:05]}  Rd1 {[%clk 0:00:07]} 77. Rg4 {[%clk 0:00:04]}  Rh1+ {[%clk 0:00:06]} 78. Kg5 {[%clk 0:00:04]}  Rg1 {[%clk 0:00:06]} 79. f5 {[%clk 0:00:03]}  Rf1 {[%clk 0:00:07]} 80. Kg6 {[%clk 0:00:02]}  Rc5 {[%clk 0:00:06]} 81. Rg5 {[%clk 0:00:02]}  Kc8 {[%clk 0:00:05]} 82. g4 {[%clk 0:00:02]}  Kd7 {[%clk 0:00:05]} 83. f6 {[%clk 0:00:03]}  Rc6 {[%clk 0:00:05]} 84. Rd5+ {[%clk 0:00:03]}  Ke6 {[%clk 0:00:04]} 85. Rf5 {[%clk 0:00:04]}  Rg1 {[%clk 0:00:03]} 86. Re5+ {[%clk 0:00:04]}  Kd7 {[%clk 0:00:03]} 87. g5 {[%clk 0:00:05]}  Rg4 {[%clk 0:00:02]} 88. Re7+ {[%clk 0:00:05]}  Kc8 {[%clk 0:00:03]} 89. Kh6 {[%clk 0:00:04]}  Rh4+ {[%clk 0:00:03]} 90. Kg7 {[%clk 0:00:04]}  Rg4 {[%clk 0:00:03]} 91. g6 {[%clk 0:00:04]}  Rg2 {[%clk 0:00:02]} 92. Re8+ {[%clk 0:00:05]}  Kb7 {[%clk 0:00:02]} 93. Rb8+ {[%clk 0:00:05]}  Ka6 {[%clk 0:00:03]} 94. Ra8+ {[%clk 0:00:06]}  Kb7 {[%clk 0:00:03]} 95. Rd8 {[%clk 0:00:07]}  Ka6 {[%clk 0:00:03]} 96. Rd6 {[%clk 0:00:07]}  Rc4 {[%clk 0:00:02]} 97. f7 {[%clk 0:00:07]}  Rcg4 {[%clk 0:00:02]} 98. f8=Q {[%clk 0:00:08]}  Rxg6+ {[%clk 0:00:02]} 99. Rxg6 {[%clk 0:00:08]} 1-0

[Event "April 9 Early 2024"]
[Site "Chess.com"]
[Date "2024.04.10"]
[Round "3"]
[White "Kolb, Tobias"]
[Black "Onyshchuk, Volodymyr"]
[Result "1-0"]
[Board "54"]
[WhiteFideId "12992321"]
[BlackFideId "14114038"]
[WhiteTitle "FM"]
[BlackTitle "GM"]
[WhiteElo "2605"]
[BlackElo "2837"]
[WhiteTeam "GER"]
[BlackTeam "UKR"]
[WhiteClock "0:00:03"]
[BlackClock "0:00:00"]
[Variant "Standard"]

1. d4 {[%clk 0:02:51]}  d6 {[%clk 0:02:59]} 2. e4 {[%clk 0:02:49]}  Nf6 {[%clk 0:02:58]} 3. Nc3 {[%clk 0:02:49]}  g6 {[%clk 0:02:58]} 4. Be3 {[%clk 0:02:47]}  c6 {[%clk 0:02:57]} 5. f3 {[%clk 0:02:47]}  Nbd7 {[%clk 0:02:53]} 6. Qd2 {[%clk 0:02:47]}  b5 {[%clk 0:02:52]} 7. O-O-O {[%clk 0:02:47]}  b4 {[%clk 0:02:48]} 8. Nce2 {[%clk 0:02:47]}  a5 {[%clk 0:02:45]} 9. Kb1 {[%clk 0:02:46]}  h5 {[%clk 0:02:40]} 10. h4 {[%clk 0:02:44]}  Bg7 {[%clk 0:02:40]} 11. Nh3 {[%clk 0:02:45]}  Rb8 {[%clk 0:02:21]} 12. Ng5 {[%clk 0:02:43]}  a4 {[%clk 0:02:22]} 13. Nc1 {[%clk 0:02:43]}  Qc7 {[%clk 0:02:10]} 14. Bc4 {[%clk 0:02:36]}  Rf8 {[%clk 0:02:08]} 15. Rhe1 {[%clk 0:02:18]}  Qa5 {[%clk 0:01:30]} 16. e5 {[%clk 0:01:54]}  Nd5 {[%clk 0:01:20]} 17. exd6 {[%clk 0:01:13]}  e6 {[%clk 0:01:20]} 18. Bf4 {[%clk 0:00:32]}  Ba6 {[%clk 0:00:59]} 19. Bxa6 {[%clk 0:00:24]}  Qxa6 {[%clk 0:00:59]} 20. Ka1 {[%clk 0:00:20]}  Kd8 {[%clk 0:00:54]} 21. Be5 {[%clk 0:00:19]}  Bxe5 {[%clk 0:00:29]} 22. dxe5 {[%clk 0:00:20]}  c5 {[%clk 0:00:23]} 23. Nd3 {[%clk 0:00:19]}  b3 {[%clk 0:00:11]} 24. cxb3 {[%clk 0:00:14]}  axb3 {[%clk 0:00:11]} 25. a3 {[%clk 0:00:15]}  c4 {[%clk 0:00:11]} 26. Nf4 {[%clk 0:00:12]}  c3 {[%clk 0:00:11]} 27. Qd4 {[%clk 0:00:12]}  cxb2+ {[%clk 0:00:10]} 28. Kxb2 {[%clk 0:00:13]}  N7b6 {[%clk 0:00:10]} 29. Nfxe6+ {[%clk 0:00:12]}  fxe6 {[%clk 0:00:10]} 30. Nxe6+ {[%clk 0:00:13]}  Kd7 {[%clk 0:00:10]} 31. Nxf8+ {[%clk 0:00:13]}  Rxf8 {[%clk 0:00:10]} 32. e6+ {[%clk 0:00:14]}  Kxd6 {[%clk 0:00:08]} 33. Qb4+ {[%clk 0:00:14]}  Kc6 {[%clk 0:00:08]} 34. Rc1+ {[%clk 0:00:12]}  Kb7 {[%clk 0:00:08]} 35. Qxf8 {[%clk 0:00:11]}  Na4+ {[%clk 0:00:08]} 36. Kb1 {[%clk 0:00:07]}  Qd3+ {[%clk 0:00:07]} 37. Ka1 {[%clk 0:00:06]}  b2+ {[%clk 0:00:06]} 38. Ka2 {[%clk 0:00:04]}  bxc1=Q {[%clk 0:00:05]} 39. Rxc1 {[%clk 0:00:05]}  Qd2+ {[%clk 0:00:04]} 40. Kb3 {[%clk 0:00:03]}  Qxc1 {[%clk 0:00:00]} 41. Qf7+ {[%clk 0:00:03]} 1-0

[Event "April 9 Early 2024"]
[Site "Chess.com"]
[Date "2024.04.09"]
[Round "3"]
[White "Bagrationi, Alexander"]
[Black "Shuvalova, Polina"]
[Result "1-0"]
[Board "55"]
[WhiteFideId "14104954"]
[BlackFideId "24171760"]
[WhiteTitle "GM"]
[BlackTitle "IM"]
[WhiteElo "2593"]
[BlackElo "2824"]
[WhiteTeam "ISR"]
[BlackTeam "FID"]
[WhiteClock "0:00:04"]
[BlackClock "0:00:01"]
[Variant "Standard"]

1. d4 {[%clk 0:03:00]}  Nf6 {[%clk 0:02:59]} 2. c4 {[%clk 0:02:58]}  e6 {[%clk 0:02:59]} 3. Nf3 {[%clk 0:02:58]}  d5 {[%clk 0:03:00]} 4. e3 {[%clk 0:02:57]}  c5 {[%clk 0:02:59]} 5. cxd5 {[%clk 0:02:55]}  Nxd5 {[%clk 0:02:56]} 6. dxc5 {[%clk 0:02:39]}  Bxc5 {[%clk 0:02:55]} 7. Be2 {[%clk 0:02:39]}  O-O {[%clk 0:02:52]} 8. O-O {[%clk 0:02:39]}  Nc6 {[%clk 0:02:53]} 9. a3 {[%clk 0:02:36]}  Qf6 {[%clk 0:02:45]} 10. Ra2 {[%clk 0:02:24]}  Rd8 {[%clk 0:02:43]} 11. Qc2 {[%clk 0:02:20]}  Bb6 {[%clk 0:02:42]} 12. b4 {[%clk 0:02:16]}  e5 {[%clk 0:02:38]} 13. Nc3 {[%clk 0:02:04]}  Be6 {[%clk 0:02:24]} 14. Ne4 {[%clk 0:01:49]}  Qg6 {[%clk 0:02:21]} 15. b5 {[%clk 0:01:26]}  Ncb4 {[%clk 0:02:13]} 16. axb4 {[%clk 0:01:25]}  Nxb4 {[%clk 0:02:14]} 17. Nxe5 {[%clk 0:01:25]}  Nxc2 {[%clk 0:02:06]} 18. Nxg6 {[%clk 0:01:24]}  Bxa2 {[%clk 0:02:06]} 19. Ne7+ {[%clk 0:01:17]}  Kf8 {[%clk 0:02:05]} 20. Nf5 {[%clk 0:01:17]}  Bd5 {[%clk 0:02:00]} 21. Bd3 {[%clk 0:01:12]}  Be6 {[%clk 0:01:35]} 22. Bxc2 {[%clk 0:00:58]}  Bxf5 {[%clk 0:01:35]} 23. Ba3+ {[%clk 0:00:59]}  Kg8 {[%clk 0:01:35]} 24. Nf6+ {[%clk 0:00:49]}  gxf6 {[%clk 0:01:36]} 25. Bxf5 {[%clk 0:00:49]}  Rd5 {[%clk 0:01:30]} 26. Be4 {[%clk 0:00:43]}  Rxb5 {[%clk 0:01:30]} 27. Bxb7 {[%clk 0:00:43]}  Rd8 {[%clk 0:01:29]} 28. Be7 {[%clk 0:00:42]}  Rd7 {[%clk 0:01:28]} 29. Bc6 {[%clk 0:00:40]}  Rxe7 {[%clk 0:01:25]} 30. Bxb5 {[%clk 0:00:40]}  a5 {[%clk 0:01:09]} 31. g3 {[%clk 0:00:35]}  Bc5 {[%clk 0:01:09]} 32. Rc1 {[%clk 0:00:34]}  Bb4 {[%clk 0:01:06]} 33. Rc8+ {[%clk 0:00:29]}  Kg7 {[%clk 0:01:07]} 34. Ra8 {[%clk 0:00:30]}  Rc7 {[%clk 0:01:06]} 35. h4 {[%clk 0:00:27]}  Rc1+ {[%clk 0:00:51]} 36. Kg2 {[%clk 0:00:27]}  Rc2 {[%clk 0:00:52]} 37. Kf3 {[%clk 0:00:16]}  Be1 {[%clk 0:00:51]} 38. Be2 {[%clk 0:00:16]}  Ra2 {[%clk 0:00:50]} 39. Ra7 {[%clk 0:00:15]}  Rc2 {[%clk 0:00:41]} 40. g4 {[%clk 0:00:12]}  h6 {[%clk 0:00:31]} 41. Ra6 {[%clk 0:00:09]}  Ra2 {[%clk 0:00:19]} 42. Ra7 {[%clk 0:00:09]}  Rb2 {[%clk 0:00:19]} 43. Ra6 {[%clk 0:00:09]}  Rb4 {[%clk 0:00:17]} 44. Rxa5 {[%clk 0:00:07]}  Rb2 {[%clk 0:00:15]} 45. Ra7 {[%clk 0:00:06]}  Rc2 {[%clk 0:00:13]} 46. Ra1 {[%clk 0:00:06]}  Bc3 {[%clk 0:00:13]} 47. Ra4 {[%clk 0:00:05]}  Be1 {[%clk 0:00:11]} 48. Ra1 {[%clk 0:00:05]}  Bc3 {[%clk 0:00:12]} 49. Rb1 {[%clk 0:00:06]}  Be5 {[%clk 0:00:12]} 50. Bd3 {[%clk 0:00:05]}  Rd2 {[%clk 0:00:12]} 51. Bf5 {[%clk 0:00:05]}  Rd6 {[%clk 0:00:12]} 52. Be4 {[%clk 0:00:05]}  Rd7 {[%clk 0:00:12]} 53. Bc2 {[%clk 0:00:05]}  Rc7 {[%clk 0:00:13]} 54. Bb3 {[%clk 0:00:05]}  h5 {[%clk 0:00:13]} 55. Bd5 {[%clk 0:00:05]}  hxg4+ {[%clk 0:00:14]} 56. Kxg4 {[%clk 0:00:05]}  Rc2 {[%clk 0:00:14]} 57. f4 {[%clk 0:00:05]}  Bc3 {[%clk 0:00:13]} 58. Rb7 {[%clk 0:00:05]}  Rh2 {[%clk 0:00:04]} 59. Rxf7+ {[%clk 0:00:05]}  Kg6 {[%clk 0:00:04]} 60. Rc7 {[%clk 0:00:04]}  Be1 {[%clk 0:00:04]} 61. Be4+ {[%clk 0:00:03]}  f5+ {[%clk 0:00:04]} 62. Bxf5+ {[%clk 0:00:04]}  Kf6 {[%clk 0:00:05]} 63. Rc6+ {[%clk 0:00:04]}  Ke7 {[%clk 0:00:06]} 64. Rh6 {[%clk 0:00:04]}  Bf2 {[%clk 0:00:05]} 65. e4 {[%clk 0:00:04]}  Be1 {[%clk 0:00:04]} 66. h5 {[%clk 0:00:04]}  Rg2+ {[%clk 0:00:04]} 67. Kf3 {[%clk 0:00:05]}  Rf2+ {[%clk 0:00:04]} 68. Ke3 {[%clk 0:00:05]}  Rh2 {[%clk 0:00:04]} 69. Re6+ {[%clk 0:00:05]}  Kf7 {[%clk 0:00:04]} 70. Rc6 {[%clk 0:00:04]}  Bd2+ {[%clk 0:00:02]} 71. Kf3 {[%clk 0:00:04]}  Kg7 {[%clk 0:00:03]} 72. Rc7+ {[%clk 0:00:03]}  Kh6 {[%clk 0:00:02]} 73. Bg6 {[%clk 0:00:03]}  Rh3+ {[%clk 0:00:01]} 74. Kg4 {[%clk 0:00:04]}  Rh1 {[%clk 0:00:01]} 75. Rh7# {[%clk 0:00:04]} 1-0

[Event "April 9 Early 2024"]
[Site "Chess.com"]
[Date "2024.04.09"]
[Round "3"]
[White "Narayanan, Srinath"]
[Black "Sielecki, Christof"]
[Result "0-1"]
[Board "57"]
[WhiteFideId "5018420"]
[BlackFideId "4620437"]
[WhiteTitle "GM"]
[BlackTitle "IM"]
[WhiteElo "2823"]
[BlackElo "2583"]
[WhiteTeam "IND"]
[BlackTeam "GER"]
[WhiteClock "0:00:40"]
[BlackClock "0:00:19"]
[Variant "Standard"]

1. Nf3 {[%clk 0:03:00]}  d5 {[%clk 0:02:56]} 2. e3 {[%clk 0:03:00]}  Nf6 {[%clk 0:02:53]} 3. c4 {[%clk 0:03:00]}  e6 {[%clk 0:02:51]} 4. b3 {[%clk 0:03:01]}  Bd6 {[%clk 0:02:46]} 5. Bb2 {[%clk 0:03:01]}  O-O {[%clk 0:02:46]} 6. Nc3 {[%clk 0:03:01]}  a6 {[%clk 0:02:44]} 7. Rc1 {[%clk 0:02:59]}  Re8 {[%clk 0:02:35]} 8. g3 {[%clk 0:02:54]}  c5 {[%clk 0:02:18]} 9. Bg2 {[%clk 0:02:39]}  Nc6 {[%clk 0:02:16]} 10. cxd5 {[%clk 0:02:38]}  exd5 {[%clk 0:02:17]} 11. O-O {[%clk 0:02:39]}  Bg4 {[%clk 0:01:52]} 12. h3 {[%clk 0:02:33]}  Bh5 {[%clk 0:01:50]} 13. Ne2 {[%clk 0:02:34]}  Nb4 {[%clk 0:01:37]} 14. Nf4 {[%clk 0:01:53]}  Bxf4 {[%clk 0:01:36]} 15. exf4 {[%clk 0:01:49]}  Nd3 {[%clk 0:01:36]} 16. Bxf6 {[%clk 0:01:39]}  Qxf6 {[%clk 0:01:36]} 17. Rc3 {[%clk 0:01:40]}  c4 {[%clk 0:01:08]} 18. bxc4 {[%clk 0:01:17]}  dxc4 {[%clk 0:01:09]} 19. g4 {[%clk 0:01:17]}  Nxf4 {[%clk 0:01:08]} 20. gxh5 {[%clk 0:01:17]}  Ne2+ {[%clk 0:01:08]} 21. Kh1 {[%clk 0:01:17]}  Nxc3 {[%clk 0:01:08]} 22. dxc3 {[%clk 0:01:18]}  Qxc3 {[%clk 0:01:08]} 23. h6 {[%clk 0:01:18]}  Rad8 {[%clk 0:01:06]} 24. Qb1 {[%clk 0:01:15]}  b5 {[%clk 0:01:04]} 25. hxg7 {[%clk 0:01:15]}  Qd3 {[%clk 0:00:54]} 26. Qc1 {[%clk 0:01:14]}  c3 {[%clk 0:00:47]} 27. Qh6 {[%clk 0:01:05]}  c2 {[%clk 0:00:43]} 28. Ng5 {[%clk 0:01:06]}  Qg6 {[%clk 0:00:30]} 29. Qh4 {[%clk 0:00:48]}  Rd1 {[%clk 0:00:25]} 30. Qf4 {[%clk 0:00:49]}  c1=Q {[%clk 0:00:20]} 31. Qxc1 {[%clk 0:00:39]}  Rxc1 {[%clk 0:00:20]} 32. Rxc1 {[%clk 0:00:40]}  Qxg5 {[%clk 0:00:20]} 33. Rg1 {[%clk 0:00:41]}  Qxg7 {[%clk 0:00:19]} 34. Bc6 {[%clk 0:00:41]}  Qxg1+ {[%clk 0:00:19]} 35. Kxg1 {[%clk 0:00:42]}  Re6 {[%clk 0:00:19]} 36. Bd5 {[%clk 0:00:42]}  Rd6 {[%clk 0:00:18]} 37. Bb3 {[%clk 0:00:42]}  a5 {[%clk 0:00:18]} 38. Kg2 {[%clk 0:00:43]}  a4 {[%clk 0:00:18]} 39. Bc2 {[%clk 0:00:44]}  Rd2 {[%clk 0:00:18]} 40. Bb1 {[%clk 0:00:44]}  Rb2 {[%clk 0:00:18]} 41. Bd3 {[%clk 0:00:44]}  b4 {[%clk 0:00:17]} 42. Bc4 {[%clk 0:00:45]}  b3 {[%clk 0:00:17]} 43. axb3 {[%clk 0:00:45]}  axb3 {[%clk 0:00:18]} 44. Kf3 {[%clk 0:00:45]}  Rb1 {[%clk 0:00:18]} 45. Ke2 {[%clk 0:00:40]}  b2 {[%clk 0:00:19]} 0-1